NBA Jersey number - Statistics

General Stats
  • This quiz has been taken 2,176 times
  • The average score is 12 of 15
Answer Stats
Player Jersey Number % Correct
LeBron James 23
100%
Russell Westbrook 0
99%
Kobe Bryant 24
99%
Nazr Mohammed 13
95%
James Harden 13
95%
Paul George 13
95%
Wilt Chamberlain 13
95%
Dirk Nowitzki 41
78%
Charles Barkley 34
76%
Thon Maker 7
75%
Channing Frye 9
72%
Reggie Miller 31'
69%
Sergey Karasev 10
62%
Jerry West 44
56%
James Michael McAdoo 20
52%
No matching quizzes found
Score Distribution
Percent of People with Each Score
Percentile by Number Answered
Your Score History
You have not taken this quiz